000 00655nam a2200217Ia 4500
003 GCL
008 140319s9999 xx 000 0 ara d
040 _aGCL /
_cGCL
082 0 4 _a659.2
_bم ع
100 1 _aمحمد عبدالله عبدالرحيم
245 1 0 _aالعلاقات العامه /
_cمحمد عبدالله عبدالرحيم
260 _a[S.N] :
_bالمؤلف ،
_c1989
300 _a302 ص
490 _a
650 0 4 _aادارة الاعمال
650 0 4 _aالتكنولوجيا
650 0 4 _aالعلاقات العامة
650 0 4 _aالراى العام
650 0 4 _aالخدمات العامة
942 _2ddc
_cBK
999 _c29277
_d29277